书目信息 |
| 题名: |
文物小讲
|
|
| 作者: | 许进雄 著 | |
| 分册: | ||
| 出版信息: | 北京 中国人民大学出版社 2010 |
|
| 页数: | 300页 | |
| 开本: | 23cm | |
| 丛书名: | 朗朗书房 | |
| 单 册: | ||
| 中图分类: | K87-49 | |
| 科图分类: | ||
| 主题词: | 历史文物--中国--通俗读物 , 历史文物 | |
| 电子资源: | ||
| ISBN: | 978-7-300-08683-5 | |
| 000 | 00942oam2 2200277 45 | |
| 001 | 1029464035 | |
| 005 | 20100428095312.12 | |
| 010 | @a978-7-300-08683-5@dCNY39.80 | |
| 100 | @a20100426d2010 em y0chiy0120 ea | |
| 101 | 0 | @achi |
| 102 | @aCN@b110000 | |
| 105 | @aa z 000yy | |
| 106 | @ar | |
| 200 | 1 | @a文物小讲@AWen Wu Xiao Jiang@f许进雄著@FXu Jin Xiong Zhu |
| 210 | @a北京@c中国人民大学出版社@d2010 | |
| 215 | @a300页@c图@d23cm | |
| 225 | 2 | @a朗朗书房 |
| 306 | @a由台湾“国家出版社”授权出版 | |
| 330 | @a本书选取新石器时代至清代不同类型的文物150件,除必要的信息介绍和文物赏鉴外,还介绍了文物背后所隐含的生活与社会意义,并对与文物制作、流行相关的社会生活、民俗和文化作了精辟生动的诠释和引申。 | |
| 461 | 0 | @12001 @a朗朗书房 |
| 606 | 0 | @a历史文物@y中国@j通俗读物 |
| 606 | 0 | @a历史文物 |
| 690 | @aK87-49@v4 | |
| 701 | 0 | @a许进雄@AXu Jin Xiong@4著 |
| 801 | 0 | @aCN@bTANGWEI@c20100428 |
| 905 | @b0595908-12@dK87-49@e267@f5 | |
| 文物小讲/许进雄著.-北京:中国人民大学出版社,2010 |
| 300页:图;23cm.-(朗朗书房) |
| ISBN 978-7-300-08683-5:CNY39.80 |
| 本书选取新石器时代至清代不同类型的文物150件,除必要的信息介绍和文物赏鉴外,还介绍了文物背后所隐含的生活与社会意义,并对与文物制作、流行相关的社会生活、民俗和文化作了精辟生动的诠释和引申。 |
| ● |
| 相关链接 |
|
|
|
|
正题名:文物小讲
索取号:K87-49/267
 
预约/预借
| 序号 | 登录号 | 条形码 | 馆藏地/架位号 | 状态 | 备注 |
| 1 | 0595908 | 205959088 | 第二样本阅览室/ [索取号:K87-49/267] | 在馆 | |
| 2 | 0595909 | 205959097 | 第二借阅区/ [索取号:K87-49/267] | 在馆 | |
| 3 | 0595910 | 205959104 | 第二借阅区/ [索取号:K87-49/267] | 在馆 | |
| 4 | 0595911 | 205959113 | 第二借阅区/ [索取号:K87-49/267] | 在馆 | |
| 5 | 0595912 | 205959122 | 第二借阅区/ [索取号:K87-49/267] | 在馆 |